মিস জুলি / (Record no. 47992)
[ view plain ]
| 000 -LEADER | |
|---|---|
| fixed length control field | 01023nam a2200265 a 4500 |
| 001 - CONTROL NUMBER | |
| control field | 47992 |
| 003 - CONTROL NUMBER IDENTIFIER | |
| rucl marc code | BD-RjUL |
| 005 - DATE AND TIME OF LATEST TRANSACTION | |
| control field | 20211209054434.0 |
| 008 - FIXED-LENGTH DATA ELEMENTS--GENERAL INFORMATION | |
| fixed length control field | 160420s1981 bg ||||| |||| 00| 0 ben d |
| 020 ## - INTERNATIONAL STANDARD BOOK NUMBER | |
| Terms of availability | : Tk 8.00 |
| 035 ## - SYSTEM CONTROL NUMBER | |
| System control number | (BD-RjUL)48111 |
| 040 ## - CATALOGING SOURCE | |
| Original cataloging agency | BD-RjUL |
| Language of cataloging | ben |
| Transcribing agency | BD-RjUL |
| 041 ## - LANGUAGE CODE | |
| Language code of text/sound track or separate title | ben |
| 082 ## - DEWEY DECIMAL CLASSIFICATION NUMBER | |
| Edition number | 23 |
| Classification number | 839.726 |
| Author mark and year | STM 1981 |
| 100 1# - MAIN ENTRY--PERSONAL NAME | |
| Personal name | স্ট্রিণ্ডবার্গ, অগাস্ট |
| 9 (RLIN) | 123071 |
| 245 10 - TITLE STATEMENT | |
| Title | মিস জুলি / |
| Statement of responsibility, etc. | মেহের কবির (অনূদিত) |
| 260 ## - PUBLICATION, DISTRIBUTION, ETC. (IMPRINT) | |
| Place of publication, distribution, etc. | ঢাকা : |
| Name of publisher, distributor, etc. | মুক্তধারা, |
| Date of publication, distribution, etc. | ১৯৮১ |
| 300 ## - PHYSICAL DESCRIPTION | |
| Pagination | ৬৭ পৃ. ; |
| Size | ২১ সেমি. |
| 600 ## - SUBJECT ADDED ENTRY--PERSONAL NAME | |
| Personal name | অগাস্ট, স্ট্রিণ্ডবার্গ |
| Personal name | August Strindberg |
| 650 ## - SUBJECT ADDED ENTRY--TOPICAL TERM | |
| Geographic subdivision | নরওয়েজিয়ান |
| 9 (RLIN) | 123072 |
| Form subdivision | নাটক |
| Chronological subdivision | ১৮৪৯-১৯১২ |
| Geographic subdivision | Norwegian |
| 9 (RLIN) | 123073 |
| Form subdivision | Plays |
| Chronological subdivision | 1849-1912 |
| 700 ## - ADDED ENTRY--PERSONAL NAME | |
| Personal name | কবির, মেহের, (অনূদিত) |
| 942 ## - ADDED ENTRY ELEMENTS (KOHA) | |
| Source of classification or shelving scheme | Dewey Decimal Classification |
| Koha item type | Books |
| Lost status | Source of classification or shelving scheme | Damaged status | Not for loan | Collection code | Permanent Location | Current Location | Shelving location | Date acquired | Source of acquisition | Cost, normal purchase price | Total Checkouts | Full call number | Date last seen | Date checked out | Copy number | Koha item type |
|---|---|---|---|---|---|---|---|---|---|---|---|---|---|---|---|---|
| Dewey Decimal Classification | Non-fiction | Central Library, University of Rajshahi | Central Library, University of Rajshahi | 07/09/1985 | Bangla Academy, Dhaka | 8.00 | 1 | B 839.726 STM 1981 | 03/10/2019 | 30/07/2019 | C-2 | Books |